THE IDOLM@STER 765PRO ALLSTARS+ GRE@TEST BEST! 収録曲 - Statistics

General Stats
  • This quiz has been taken 18 times
    12 since last reset
  • The average score is 49 of 106
Answer Stats
No. 楽曲名 歌唱ユニット/メンバー % Correct
10 キラメキラリ 高槻やよい
100%
2 GO MY WAY!! 天海春香、高槻やよい、水瀬伊織
100%
11 READY!! 765PRO ALLSTARS
100%
4 relations 星井美希、如月千早
100%
1 THE IDOLM@STER 天海春香、如月千早、高槻やよい、萩原雪歩、菊地真、双海亜美、双海真美、水瀬伊織、三浦あずさ、秋月律子
100%
4 音無小鳥
75%
1 魔法をかけて! 天海春香、萩原雪歩、秋月律子
75%
2 ポジティブ! 高槻やよい、双海亜美、双海真美、水瀬伊織
75%
4 おはよう!!朝ご飯 高槻やよい、萩原雪歩、三浦あずさ
75%
1 乙女よ大志を抱け!! 天海春香
75%
2 フラワーガール 四条貴音
75%
4 リゾラ 水瀬伊織
75%
2 エージェント夜を往く 菊地真、双海亜美、双海真美、秋月律子
75%
3 蒼い鳥 如月千早、三浦あずさ、秋月律子
75%
9 オーバーマスター 星井美希、四条貴音、我那覇響
75%
13 黎明スターライン 双海亜美、双海真美
75%
2 音無小鳥
75%
6 風花 四条貴音
75%
7 メリー 天海春香、星井美希、如月千早、高槻やよい、菊池真
75%
8 いっしょ 天海春香、星井美希、高槻やよい、双海亜美、双海真美、三浦あずさ
75%
11 サニー 萩原雪歩、双海亜美、双海真美、水瀬伊織、三浦あずさ、秋月律子
75%
1 チェリー 天海春香、萩原雪歩、菊地真、水瀬伊織、我那覇響、秋月律子
75%
10 約束 如月千早
75%
12 CHANGE!!!! 765PRO ALLSTARS
75%
6 Colorful Days 天海春香、如月千早、双海亜美
75%
3 i IM@S ALLSTARS+
75%
8 inferno 如月千早、萩原雪歩
75%
10 KisS 星井美希、四条貴音、我那覇響
75%
12 livE 秋月律子
75%
10 The world is all one !! 765PRO ALLSTARS
75%
9 私はアイドル♡ 星井美希、水瀬伊織、秋月律子
50%
11 スタ→トスタ→ 双海亜美、双海真美
50%
15 音無小鳥
50%
3 ショッキングな彼 星井美希
50%
8 何度も言えるよ 萩原雪歩
50%
9 ジェミー 双海真美
50%
15 ビジョナリー 高槻やよい、双海亜美、双海真美、水瀬伊織、我那覇響
50%
7 目が逢う瞬間 如月千早
50%
11 マリオネットの心 星井美希
50%
2 まっすぐ 萩原雪歩、菊地真、三浦あずさ
50%
4 隣に… 三浦あずさ
50%
6 いっぱいいっぱい 秋月律子
50%
14 自転車 菊地真
50%
2 またね 天海春香、萩原雪歩、菊地真、水瀬伊織、我那覇響、秋月律子
50%
1 9:02pm 如月千早、菊地真、三浦あずさ
50%
13 ALRIGHT* 萩原雪歩
50%
14 arcadia 如月千早
50%
12 Brand New Day! 我那覇響
50%
4 Day of the future 星井美希
50%
6 DIAMOND 水瀬伊織
50%
15 edeN 星井美希、萩原雪歩、菊地真、四条貴音
50%
5 First Stage 菊地真、萩原雪歩、双海亜美、双海真美
50%
8 "HELLO!!" 日高愛、水谷絵理、秋月涼
50%
6 Here we go!! 天海春香、高槻やよい、水瀬伊織
50%
5 I Want 天海春香
50%
12 Kosmos, Cosmos 萩原雪歩
50%
14 Little Match Girl 如月千早、萩原雪歩
50%
9 MEGARE! 765PRO ALLSTARS
50%
9 MOONY 星井美希、如月千早、菊地真、三浦あずさ、我那覇響、秋月律子
50%
10 my song 菊地真、水瀬伊織、三浦あずさ
50%
1 Mythmaker 三浦あずさ
50%
15 Next Life 我那覇響
50%
13 自分REST@RT 天海春香、星井美希、如月千早、高槻やよい、萩原雪歩、菊地真、双海真美、四条貴音、我那覇響
50%
5 shiny smile 天海春香、如月千早、秋月律子
50%
7 START!! 天海春香
50%
5 tear 菊地真
50%
3 TRIAL DANCE 我那覇響
50%
3 太陽のジェラシー 天海春香、如月千早、水瀬伊織
25%
13 バレンタイン 星井美希、双海亜美、双海真美
25%
6 キミはメロディ 高槻やよい、萩原雪歩、菊地真、水瀬伊織、三浦あずさ、秋月律子
25%
14 七彩ボタン 双海亜美、水瀬伊織、三浦あずさ
25%
11 ゲンキトリッパー 高槻やよい
25%
8 チクタク 星井美希、高槻やよい、萩原雪歩
25%
9 おとなのはじまり 高槻やよい、双海亜美、双海真美、水瀬伊織
25%
3 ふるふるフューチャー☆ 星井美希
25%
5 フタリの記憶 水瀬伊織
25%
12 シャララ 三浦あずさ、秋月律子
25%
4 眠り姫 如月千早
25%
5 スマイル体操 高槻やよい
25%
14 音無小鳥
25%
16 団結2010 IM@S 765PRO ALLSTARS
25%
12 Happy Christmas 天海春香、如月千早、双海亜美、双海真美、三浦あずさ、四条貴音、我那覇響
25%
13 Honey Heartbeat 天海春香、菊地真、双海真美
25%
10 I'm so free! 星井美希、三浦あずさ、四条貴音
25%
15 Large Size Party 如月千早、三浦あずさ、四条貴音
25%
7 L・O・B・M IM@S ALLSTARS++
25%
8 LOVEオーダーメイド 秋月律子
25%
6 迷走Mind 菊地真
25%
7 SMOKY THRILL 双海亜美、水瀬伊織、三浦あずさ
25%
11 神SUMMER!! 天海春香、高槻やよい、萩原雪歩、双海亜美、双海真美、水瀬伊織、四条貴音
25%
15 Vault That Borderline! 天海春香、如月千早、三浦あずさ、秋月律子
25%
9 YES♪ 天海春香、菊地真
25%
7 YOU往MY進! 双海亜美
25%
14 私たちはずっと…でしょう 765PRO ALLSTARS
0%
5 あったかな雪 星井美希、高槻やよい、双海亜美、双海真美
0%
10 ラ♥ブ♥リ 三浦あずさ
0%
13 チアリングレター 菊地真
0%
12 見つめて 萩原雪歩、四条貴音
0%
1 思い出をありがとう 菊地真、三浦あずさ、秋月律子
0%
3 笑って! 天海春香
0%
13 初恋 〜一章 片想いの桜〜 星井美希、四条貴音、我那覇響
0%
7 神さまのBirthday 如月千早、萩原雪歩、三浦あずさ
0%
14 Do-Dai 星井美希、高槻やよい、双海亜美
0%
15 MUSIC♪ 765PRO ALLSTARS
0%
8 My Best Friend 萩原雪歩、双海亜美、双海真美、秋月律子
0%
11 My Wish 星井美希、高槻やよい、萩原雪歩、菊地真、水瀬伊織、秋月律子
0%
No matching quizzes found
Score Distribution
Percent of People with Each Score
Percentile by Number Answered
Your Score History
You have not taken this quiz since the last reset